00811nam a22002057a 4500003000900000005001700009008004100026040002300067041000800090082001700098100004600115245003300161246004700194260009100241300002200332600003700354942001200391952018500403999001700588BDDh-ASL20231015031244.0230324s1991 b ||||| |||| 00| 0 b d aBDDh-ASLcBDDh-ASL aben a927.80bMAL 1 aহায়াৎ, মামুদ9179310aলালন সাঁই /  aLalon Sain ( A Biography) by Hayat Mamud.  aঢাকা : bবাংলাদেশ শিশু একাডেমী, c1991.  a47 p. : c22 cm.  0aসাঁই, লালন97654 2ddccBK 00102ddc40708NFICaASLbASLcGENd2023-03-24eDonated by Prof. Dr. M. Abdul Qayyum & Dr. Razia Sultanal0o927.80 MAL p119936r2023-03-24 00:00:00tC-1w2023-03-24yBKzY-1991 c31296d31296